Les plus grandes villes côtières de...Suisse - Statistiques

Statistiques générales
  • Ce quiz a été pris 23 fois
  • Le résultat moyen est 9 sur 20
Statistiques - réponses
Population Ville % Correct
209 061 Genève
100%
144 873 Lausanne
100%
436 551 Zurich
100%
26 955 Montreux
82%
45 309 Neuchâtel
73%
86 234 Lucerne
64%
20 142 Vevey
64%
30 292 Yverdon-les-Bains
59%
56 896 Bienne
55%
23 351 Nyon
55%
63 629 Lugano
50%
32 122 Zoug
41%
44 125 Thoune
36%
27 101 Bulle
9%
19 810 Glaris Nord
5%
23 407 Kreuzlingen
5%
28 779 Rapperswil-Jona
5%
36 563 Uster
5%
25 704 Wädenswil
5%
24 549 Horgen
0%
Aucun quiz correspondant
Distribution des résultats
% des personnes avec chaque résultat
Percentile par nombre de réponses
Votre historique - résultats
Vous n’avez pas pris ce quiz